000 00602cam a2200181 4500500
005 20251228064228.0
041 _afre
042 _adc
100 1 0 _aBac, Catherine
_eauthor
700 1 0 _aChaslot-Robinet, Sylvie
_eauthor
700 1 0 _aMarc, Céline
_eauthor
700 1 0 _aPucci, Muriel
_eauthor
245 0 0 _aLa notion d'enfant à charge est-elle fluctuante ?
260 _c2011.
500 _a1
786 0 _nRetraite et société | 61 | 2 | 2011-08-01 | p. 213-218 | 1167-4687
856 4 1 _uhttps://shs.cairn.info/revue-retraite-et-societe1-2011-2-page-213?lang=fr&redirect-ssocas=7080
999 _c1589587
_d1589587